عرض عادي عرض مارك
  • Armstrong, D. M.

مدخل إسم شخص

عدد التسجيلات المستخدمة في: 1

001 - رقم الضبط

  • حقل الضبط: 41743

003 - معرف رقم الضبط

  • حقل الضبط: OSt

005 - تاريخ ووقت أخر عملية

  • حقل الضبط: 20140107204713.0

008 - عناصر بيانات ثابتة الطول

  • حقل تحكم ثابت الطول: 140107|||a|||||| | ||| d

040 ## - مصدر الفهرسة

  • هيئة الفهرسة الأصلية: OSt
  • وكالة الكتابة: OSt

100 ## - مدخل -- أسم شخص

  • إسم شخص: Armstrong, D. M.
  • الشكل الكامل للاسم: (David Malet),
  • تواريخ مرتبطة بالاسم: 1926-

670 ## - بيانات المصدر موجوده

  • الاستشهاد بالمصدر: Work cat.: (OSt)0: Armstrong, D. M. (David Malet), 1926-, Sketch for a systematic metaphysics /, c2010.